Random Geography by Letter - A - Statistics

General Stats
  • This quiz has been taken 148 times
  • The average score is 10 of 18
Answer Stats
Hint Answer % Correct
African animal which is first alphabetically Aardvark
100%
Capital of Nigeria Abuja
100%
Capital of Corsica Ajaccio
100%
What the U.S. bought from Russia in 1867 Alaska
100%
Majority Muslim country in Europe Albania
100%
Largest city in New Mexico Albuquerque
100%
Island in San Francisco Bay with a former prison Alcatraz
100%
Largest African country by area Algeria
100%
World's biggest river by volume Amazon
100%
Unusual religious group that are numerous in Lancaster County, Pennsylvania Amish
100%
Capital of Jordan Amman
100%
Capital of the Netherlands Amsterdam
100%
Indian Ocean island chain of India and Myanmar Andaman Islands
100%
Highest mountain range in the Americas Andes
100%
Country in the Pyrenees Andorra
100%
Capital of Turkey Ankara
100%
Island politically joined with Barbuda Antigua
100%
One of the most important Roman roads, still existing: ______ Way Appian
100%
World's fifth most-spoken language Arabic
100%
Where Noah's ark supposedly landed Ararat
100%
Term that refers to a chain of islands Archipelago
100%
South American country Argentina
100%
History's first Christian nation Armenia
100%
Dutch island in the Caribbean Aruba
100%
Capital of Eritrea Asmara
100%
Ski-resort town in Colorado named after a tree Aspen
100%
City with the world's busiest airport Atlanta
100%
Western border of Europe, "The Pond" Atlantic
100%
A book of maps Atlas
100%
Vienna is its capital Austria
100%
Baku is its capital Azerbaijan
100%
African capital whose name is very similar to the name of its country Algiers
88%
Inland sea nearly destroyed by Soviet irrigation Aral Sea
86%
Most well known military cemetery in the United States Arlington
86%
Canadian province Alberta
83%
Elevation Altitude
83%
Capital of Maryland Annapolis
83%
Capital of Paraguay Asunción
83%
Nazi concentration camp in Poland Auschwitz
83%
Capital of Texas Austin
83%
Empire whose capital was Tenochtitlan Aztec Empire
83%
Largest of the United Arab Emirates Abu Dhabi
80%
Capital of South Australia Adelaide
80%
Site of the Taj Mahal Agra
80%
Capital of New York Albany
80%
Capital of Ghana Accra
78%
City that had the largest library in the ancient world Alexandria
75%
Historical French region that borders Germany and Lorraine Alsace
75%
Southern region of Spain Andalusia
75%
Northernmost ocean Arctic
75%
World's first democracy Athens
75%
Biggest city in New Zealand Auckland
75%
"Down under" Australia
75%
Shakespeare's river Avon
75%
The hill in Greece where the Parthenon stands Acropolis
71%
Sea between Italy and the Balkans Adriatic
71%
San Antonio mission where Mexico defeated Texas Alamo
71%
World's tallest waterfall Angel Falls
71%
Headquarters of the African Union Addis Ababa
67%
Largest city in Syria Aleppo
67%
Once the capital of Kazakhstan Almaty
67%
Tex city whose name means "yellow" in Spanish Amarillo
67%
Least populated continent Antarctica
67%
Largest city in Flanders Antwerp
67%
Capital of Samoa Apia
67%
Nickname for New York: The Big ____ Apple
67%
Peninsula filled with oil and gas Arabian Peninsula
67%
Little Rock is its capital Arkansas
67%
Sea between Greece and Turkey Aegean
60%
Tallest mountain range in Western Europe Alps
60%
Californian city where Disneyland is located Anaheim
60%
Portuguese-speaking country in Africa Angola
60%
Mexican city famous for cliff divers Acapulco
57%
Pago Pago is the capital of this U.S. territory American Samoa
57%
Opposite points on Earth Antipodes
57%
"The Grand Canyon State" Arizona
57%
Denmark's second biggest city Aarhus
50%
"The Graveyard of Empires" Afghanistan
50%
Political party that has ruled South Africa since 1994 African National Congress
50%
Dutch language spoken in South Africa Afrikaans
50%
Westernmost portion of the Mediterranean Sea Alboran Sea
50%
Southernmost region of Portugal Algarve
50%
Hawaiian word for hello or goodbye Aloha
50%
World's largest temple, in Cambodia Angkor Wat
50%
British island in the Caribbean Anguilla
50%
Politically joined with Saxony Anhalt
50%
Type of structure once used to bring water into Rome Aqueduct
50%
Largest dam on the Nile Aswan Dam
50%
Envelope of gases surrounding the earth Atmosphere
50%
Also called polar lights Aurora
50%
German highway system Autobahn
50%
"Yes" in the Scots dialect Aye
50%
Group of Portuguese islands in the mid-Atlantic Azores
50%
Russian-occupied territory of Georgia Abkhazia
43%
Westernmost city in Germany and residence of Charlemagne Aachen
42%
Former name of Ethiopia Abyssinia
40%
National airline of Russia Aeroflot
40%
City where Gandhi started his Salt March Ahmedabad
40%
Palace built by the emirate of Granada Alhambra
38%
Mountain range that stretches from Alabama to Newfoundland Appalachians
38%
Scotland's third biggest city Aberdeen
33%
Tallest mountain in South America Aconcagua
33%
De facto capital of Yemen Aden
33%
City in the middle of the Outback Alice Springs
33%
Capital of the Italian region of Marche Ancona
33%
Largest Welsh island Anglesey
33%
Capital of Madagascar Antananarivo
33%
Mountain range extending along peninsular Italy Apennine Mountains
33%
Country that joined with Castille Aragon
33%
Capital of Turkmenistan Ashgabat
33%
Ancient empire found in Mesopotamia Assyria
33%
French city once home to the Papacy Avignon
33%
Peninsula on which Turkey is situated Anatolia
29%
Native inhabitants Aboriginals
25%
French city that was formerly the capital of Anjou Angers
25%
Indian state whose capital is Dispur Assam
25%
Capital of Maine Augusta
25%
Italian region whose capital is L'Aquila Abruzzo
20%
Second largest city in the Valencian Community Alicante
20%
Brazilian state with Macapá as its capital Amapá
20%
Region of France Auvergne-Rhône-Alpes
20%
First 8,000 meter peak to be climbed Annapurna
17%
Wonder of the Ancient World in Ephesus: Temple of _______ Artemis
17%
Spanish subdivision whose capital is Oviedo Asturias
17%
Region of Greece Attica
17%
French colony in Canada many of whose residents resettled in Louisiana Acadia
14%
Large river forming the border between Russia and China Amur
14%
Former name of Turkey's current capital Angora
14%
A body of permeable rock which contains groundwater Aquifer
14%
Official language of Ethiopia Amharic
13%
Largest city in Ivory Coast Abidjan
0%
Brazilian state that was sovereign in 1899-1900 Acre
0%
Mexican state home to San Marcos Fair Aguascalientes
0%
British territory on the island of Cyprus Akrotiri
0%
Second largest city in Iceland Akureyri
0%
Brazilian state with Maceió as its capital Alagoas
0%
Island region of Finland Åland
0%
African Great Lake Albert
0%
Alternative name for the island of Great Britain, often used poetically Albion
0%
The high tableland of central South America Altiplano
0%
Island which Copenhagen is partly situated on Amager
0%
City where the University of Michigan is located Ann Arbor
0%
New Zealand's tallest mountain Aoraki
0%
Language the bible was written in Aramaic
0%
Greek city whose name is deprived from a band of heroes in Greek mythology Argos
0%
Second largest county in Scotland Argyll
0%
Currency of Madagascar Ariary
0%
Paris has 20 of these subdivisions Arrondissements
0%
Many Kilimanjaro hikers fly into this Tanzanian city Arusha
0%
Most populous region in Ghana Ashanti
0%
Former name of Nur-Sultan Astana
0%
Driest non-polar desert in the world Atacama
0%
City in Alabama known its university Auburn
0%
Dynasty ruling parts of the Middle East during the 12th and 13th centuries Ayyubid Dynasty
0%
Sea between Russia and Ukraine Azov
0%
No matching quizzes found
Score Distribution
Percent of People with Each Score
Percentile by Number Answered
Your Score History
You have not taken this quiz